00638 a2200205 4500003000500000005001700005020001500022040000900037082001200046100002600058245011700084250001200201260002600213300001100239440001500250650001200265942001200277999001900289952012400308Nust20230401120620.0 a981412642X cNust a530,HAL aHalliday, David95033 aMichael Tammaro studet study guide Physics :bVolumes 1 & 2 /cDavid Halliday, Robert Resnick and Kenneth Krane a5th ed. aNew YorkbWileyc2002 a285 p. vVol. 1 & 2 aPhysics 2ddccBK c180407d180407 00102ddc4070aMCSbMCScGENd2023-04-01l0o530,HALpMCS31036r2023-04-01w2023-04-01yBKzAlmirah No.15, Shelf No.3